000 01200nam a2200265Ia 4500
003 OSt
005 20220923211514.0
006 a|||||r|||| 00| 0
007 ta
008 220922b |||||||| |||| 00| 0 san d
020 _a9789380326627 (hbk)
_c450
024 _a252,822
037 _b398/A, 21/02/2011, Vidyanidhi Prakashan
_cTextual
040 _aARTS
_cARTS
_bsan
041 _2san
_asan
082 _aP15,6:3, 152Q1
100 _aशर्मा 'ऋषि', उमाशंकर
_9160650
245 0 _aसंस्कृत - व्याकरण में कारक तत्वानुशीलन
_b पाणिनितन्त्र के सन्दर्भ में
246 _aSanskṛut - vyākaraṇ mean kārak tatvānushīlana: pāṇinitantra ke sandarbha mean
260 _aवाराणसी
_b चौखम्बा सुरभारती प्रकाशन
_c2011
300 _a323पृ0
_ccm.
650 _aहिन्दी मुहावरा कोश
_9160651
942 _hP15,6:3, 152Q1
_cTEXL
_2CC
999 _c300235
_d300235